[Event "Schachfestival Open-A 2018"]
[Site "Lueneburg"]
[Date "2018.07.06"]
[Round "2"]
[White "Bajorski, Marius"]
[Black "Kumsiashvili, Nikoloz"]
[Result "1/2-1/2"]
[WhiteElo "2060"]
[BlackElo "2411"]
[Annotator "ChessBase"]
[PlyCount "93"]
[EventDate "2018.07.06"]
[EventType "swiss"]
[EventCountry "GER"]
[SourceTitle "playchess.com"]
[Source "ChessBase"]
[SourceQuality "1"]
[TimeControl "40/5400+30:1800+30"]

1. e4 {[%emt 0:00:00]} c5 {[%emt 0:00:00]} 2. Nf3 {[%emt 0:00:00]} d6 {[%emt 0:00:24]} 3. Bb5+ {[%emt 0:00:00]} Nd7 {[%emt 0:01:17]} 4. O-O {[%emt 0:00:00]} a6 {[%emt 0:00:14]} 5. Bd3 {[%emt 0:00:00]} Ngf6 {[%emt 0:01:22]} 6. Re1 {[%emt 0:02:12]} e6 {[%emt 0:00:19]} 7. c3 {[%emt 0:00:12]} Be7 {[%emt 0:00:19]} 8. Bc2 {[%emt 0:00:28]} O-O {[%emt 0:01:22]} 9. d4 {[%emt 0:02:13]} cxd4 {[%emt 0:00:05]} 10. cxd4 {[%emt 0:00:13]} b5 {[%emt 0:05:17]} 11. Bd2 {[%emt 0:03:56]} Bb7 {[%emt 0:04:37]} 12. Bc3 {[%emt 0:17:49]} Qb6 {[%emt 0:05:16]} 13. b3 {[%emt 0:01:29]} Rfc8 {[%emt 0:03:59]} 14. Bb2 {[%emt 0:01:20]} Nf8 {[%emt 0:01:54]} 15. Nbd2 {[%emt 0:01:22]} Ng6 {[%emt 0:01:02]} 16. Nf1 {[%emt 0:01:58]} Rc7 {[%emt 0:03:40]} 17. Qd2 {[%emt 0:01:55]} Rac8 {[%emt 0:01:54]} 18. Bd3 {[%emt 0:02:20]} d5 {[%emt 0:03:55]} 19. e5 {[%emt 0:02:43]} Ne4 {[%emt 0:00:19]} 20. Qe3 {[%emt 0:01:07]} Bb4 {[%emt 0:02:55]} 21. Rec1 {[%emt 0:09:09]} Qa5 {[%emt 0:03:08]} 22. a3 {[%emt 0:05:11]} Bc3 {[%emt 0:02:05]} 23. b4 {[%emt 0:04:42]} Qa4 {[%emt 0:04:56]} 24. Rcb1 {[%emt 0:11:26]} Bxb2 {[%emt 0:01:33]} 25. Rxb2 {[%emt 0:01:02]} Rc3 {[%emt 0:00:14]} 26. Rba2 {[%emt 0:00:57]} Nf4 {[%emt 0:10:54]} 27. Ne1 {[%emt 0:16:18]} Nxd3 {[%emt 0:03:32]} 28. Nxd3 {[%emt 0:00:01]} Qb3 {[%emt 0:03:54]} 29. Rb2 {[%emt 0:00:30]} Qc4 {[%emt 0:00:39]} 30. Rd1 {[%emt 0:04:45]} Rxa3 {[%emt 0:00:28]} 31. f3 {[%emt 0:02:23]} Nc3 {[%emt 0:03:47]} 32. Rc1 {[%emt 0:01:14]} Ne2+ {[%emt 0:03:11]} 33. Rxe2 {[%emt 0:05:41]} Qxd3 {[%emt 0:00:05]} 34. Qxd3 {[%emt 0:00:22]} Rxd3 {[%emt 0:00:03]} 35. Rec2 {[%emt 0:00:14]} Rc4 {[%emt 0:04:04]} 36. Kf2 {[%emt 0:01:01]} Rdxd4 {[%emt 0:04:21]} 37. Ne3 {[%emt 0:00:03]} Rd2+ {[%emt 0:00:29]} 38. Rxd2 {[%emt 0:00:04]} Rxc1 {[%emt 0:00:04]} 39. Rc2 {[%emt 0:00:03]} Rxc2+ {[%emt 0:00:15]} 40. Nxc2 {[%emt 0:00:01]} f6 {[%emt 0:01:14]} 41. f4 {[%emt 0:32:20]} d4 {[%emt 0:33:12]} 42. Nxd4 {[%emt 0:01:03]} Bd5 {[%emt 0:00:01]} 43. g3 {[%emt 0:00:00]} Kf7 {[%emt 0:00:00]} 44. Nc2 {[%emt 0:00:00]} Ke7 {[%emt 0:00:00]} 45. Ke3 {[%emt 0:00:00]} Bb3 {[%emt 0:00:00]} 46. Ne1 {[%emt 0:00:00]} fxe5 {[%emt 0:00:00]} 47. fxe5 {[%emt 0:00:00]} 1/2-1/2

[Event "Schachfestival Open-A 2018"]
[Site "Lueneburg"]
[Date "2018.07.06"]
[Round "2"]
[White "Bosselmann, Tom Linus"]
[Black "Weishaeutel, Moritz"]
[Result "0-1"]
[WhiteElo "2036"]
[BlackElo "2236"]
[Annotator "NA"]
[PlyCount "130"]
[EventDate "2018.07.06"]
[EventType "swiss"]
[EventCountry "GER"]
[SourceTitle "playchess.com"]
[Source "ChessBase"]
[SourceQuality "1"]
[TimeControl "40/5400+30:1800+30"]

1. e4 {[%emt 0:00:00]} e6 {[%emt 0:02:07]} 2. d4 {[%emt 0:00:00]} d5 {[%emt 0:00:09]} 3. Nd2 {[%emt 0:00:32]} Nf6 {[%emt 0:00:22]} 4. e5 {[%emt 0:00:23]} Nfd7 {[%emt 0:00:23]} 5. f4 {[%emt 0:00:21]} c5 {[%emt 0:00:37]} 6. c3 {[%emt 0:00:11]} Nc6 {[%emt 0:00:57]} 7. Ndf3 {[%emt 0:00:12]} Qb6 {[%emt 0:04:14]} 8. Ne2 {[%emt 0:00:12]} cxd4 {[%emt 0:03:18]} 9. cxd4 {[%emt 0:01:08]} Bb4+ {[%emt 0:00:56]} 10. Kf2 {[%emt 0:01:48]} f6 {[%emt 0:02:14]} 11. Be3 {[%emt 0:03:11]} O-O {[%emt 0:02:15]} 12. g3 {[%emt 0:00:52]} fxe5 {[%emt 0:03:14]} 13. dxe5 {[%emt 0:07:05]} Bc5 {[%emt 0:00:12]} 14. Qd2 {[%emt 0:09:59]} Ndxe5 {[%emt 0:07:04]} 15. Nxe5 {[%emt 0:41:00]} Nxe5 {[%emt 0:00:06]} 16. Bxc5 {[%emt 0:05:23]} Qxc5+ {[%emt 0:00:28]} 17. Qd4 {[%emt 0:02:54]} Ng4+ {[%emt 0:00:41]} 18. Kf3 {[%emt 0:02:41]} Qxd4 {[%emt 0:01:24]} 19. Nxd4 {[%emt 0:00:01]} e5 {[%emt 0:02:00]} 20. h3 {[%emt 0:06:35]} exd4 {[%emt 0:02:52]} 21. hxg4 {[%emt 0:00:07]} Re8 {[%emt 0:00:04]} 22. Rh4 {[%emt 0:10:30]} Bd7 {[%emt 0:13:17]} 23. Rd1 {[%emt 0:00:42]} Re4 {[%emt 0:00:59]} 24. Bd3 {[%emt 0:00:40]} Re3+ {[%emt 0:00:04]} 25. Kf2 {[%emt 0:00:05]} g6 {[%emt 0:00:59]} 26. Bf1 {[%emt 0:00:39]} Bc6 {[%emt 0:01:32]} 27. Rxd4 {[%emt 0:00:38]} Re4 {[%emt 0:01:01]} 28. Rxe4 {[%emt 0:01:03]} dxe4 {[%emt 0:00:01]} 29. Bc4+ {[%emt 0:00:09]} Kg7 {[%emt 0:00:05]} 30. Ke3 {[%emt 0:00:29]} Rc8 {[%emt 0:02:10]} 31. Rh1 {[%emt 0:01:48]} Bd7 {[%emt 0:01:13]} 32. b3 {[%emt 0:02:30]} b5 {[%emt 0:01:04]} 33. Bd5 {[%emt 0:00:35]} Rc3+ {[%emt 0:00:40]} 34. Kxe4 {[%emt 0:00:33]} Bxg4 {[%emt 0:00:06]} 35. Rg1 {[%emt 0:00:55]} b4 {[%emt 0:00:14]} 36. Kd4 {[%emt 0:00:25]} a5 {[%emt 0:01:52]} 37. Be4 {[%emt 0:01:12]} Kf6 {[%emt 0:00:42]} 38. Bd5 {[%emt 0:00:39]} h5 {[%emt 0:01:29]} 39. Be4 {[%emt 0:00:25]} Bf3 {[%emt 0:02:46]} 40. Bxf3 {[%emt 0:00:54]} Rxf3 {[%emt 0:00:02]} 41. Ke4 {[%emt 0:05:16]} Rf2 {[%emt 0:00:10]} 42. Ra1 {[%emt 0:02:34]} Rc2 {[%emt 0:01:47]} 43. Rd1 {[%emt 0:10:41]} Re2+ {[%emt 0:01:06]} 44. Kf3 {[%emt 0:00:23]} Rxa2 {[%emt 0:00:03]} 45. Rd6+ {[%emt 0:00:53]} Kf7 {[%emt 0:00:39]} 46. Ra6 {[%emt 0:00:24]} Ra3 {[%emt 0:08:23]} 47. Ra7+ {[%emt 0:00:38]} Ke6 {[%emt 0:00:42]} 48. Ke4 {[%emt 0:02:27]} Rxb3 {[%emt 0:00:29]} 49. Ra6+ {[%emt 0:00:04]} Kf7 {[%emt 0:00:07]} 50. Rxa5 {[%emt 0:00:24]} Rxg3 {[%emt 0:00:15]} 51. Rb5 {[%emt 0:00:08]} b3 {[%emt 0:00:05]} 52. Rb7+ {[%emt 0:00:11]} Ke6 {[%emt 0:01:19]} 53. Rb6+ {[%emt 0:00:49]} Kd7 {[%emt 0:00:15]} 54. Rb4 {[%emt 0:03:50]} h4 {[%emt 0:00:41]} 55. Rd4+ {[%emt 0:00:20]} Ke6 {[%emt 0:00:48]} 56. Rd2 {[%emt 0:00:11]} Rc3 {[%emt 0:01:04]} 57. Rb2 {[%emt 0:00:43]} Rc4+ {[%emt 0:00:32]} 58. Ke3 {[%emt 0:01:45]} Rb4 {[%emt 0:00:05]} 59. Ke2 {[%emt 0:02:32]} Kd5 {[%emt 0:00:30]} 60. Ke3 {[%emt 0:01:02]} Kc4 {[%emt 0:00:08]} 61. Kd2 {[%emt 0:01:01]} Kd4 {[%emt 0:00:04]} 62. Rb1 {[%emt 0:00:25]} b2 {[%emt 0:00:03]} 63. Kc2 {[%emt 0:00:04]} Ke3 {[%emt 0:00:03]} 64. Re1+ {[%emt 0:00:35]} Kf2 {[%emt 0:00:04]} 65. Rb1 {[%emt 0:00:10]} h3 {[%emt 0:00:04]} 0-1

[Event "Schachfestival Open-A 2018"]
[Site "Lueneburg"]
[Date "2018.07.06"]
[Round "2"]
[White "Haerig, Wilfried"]
[Black "Colpe, Malte"]
[Result "0-1"]
[WhiteElo "2022"]
[BlackElo "2382"]
[Annotator "NA"]
[PlyCount "44"]
[EventDate "2018.07.06"]
[EventType "swiss"]
[EventCountry "GER"]
[SourceTitle "playchess.com"]
[Source "ChessBase"]
[SourceQuality "1"]
[TimeControl "40/5400+30:1800+30"]

1. e4 {[%emt 0:00:00]} c5 {[%emt 0:00:00]} 2. Nf3 {[%emt 0:00:00]} d6 {[%emt 0:00:00]} 3. Bb5+ {[%emt 0:00:02]} Nc6 {[%emt 0:00:41]} 4. Bxc6+ {[%emt 0:00:13]} bxc6 {[%emt 0:00:06]} 5. O-O {[%emt 0:00:19]} e5 {[%emt 0:00:23]} 6. h3 {[%emt 0:02:37]} Ne7 {[%emt 0:04:49]} 7. d3 {[%emt 0:00:52]} Ng6 {[%emt 0:00:59]} 8. Nbd2 {[%emt 0:11:20]} Be7 {[%emt 0:00:39]} 9. c3 {[%emt 0:01:17]} O-O {[%emt 0:02:12]} 10. Nc4 {[%emt 0:01:48]} f5 {[%emt 0:05:36]} 11. Qa4 {[%emt 0:07:49]} fxe4 {[%emt 0:04:34]} 12. dxe4 {[%emt 0:12:10]} Bxh3 {[%emt 0:18:14]} 13. Nfxe5 {[%emt 0:02:36]} dxe5 {[%emt 0:00:41]} 14. gxh3 {[%emt 0:00:33]} Qd7 {[%emt 0:00:59]} 15. Ne3 {[%emt 0:10:37]} Qxh3 {[%emt 0:02:26]} 16. Ng2 {[%emt 0:03:58]} Qg4 {[%emt 0:10:39]} 17. f3 {[%emt 0:06:29]} Qg3 {[%emt 0:02:36]} 18. Qc4+ {[%emt 0:04:32]} Kh8 {[%emt 0:01:36]} 19. Qe2 {[%emt 0:00:05]} c4 {[%emt 0:05:05]} 20. Be3 {[%emt 0:01:05]} Nh4 {[%emt 0:00:56]} 21. f4 {[%emt 0:02:15]} Nxg2 {[%emt 0:00:11]} 22. Rf3 {[%emt 0:02:23]} Nxf4+ {[%emt 0:00:08]} 0-1

[Event "Schachfestival Open-A 2018"]
[Site "Lueneburg"]
[Date "2018.07.06"]
[Round "2"]
[White "Hoffmann, Lennard"]
[Black "Poeck, Ole"]
[Result "1-0"]
[WhiteElo "1981"]
[BlackElo "2195"]
[Annotator "NA"]
[PlyCount "49"]
[EventDate "2018.07.06"]
[EventType "swiss"]
[EventCountry "GER"]
[SourceTitle "playchess.com"]
[Source "ChessBase"]
[SourceQuality "1"]
[TimeControl "40/5400+30:1800+30"]

1. e4 {[%emt 0:00:00]} e5 {[%emt 0:00:00]} 2. Nf3 {[%emt 0:00:00]} Nc6 {[%emt 0:00:00]} 3. Bb5 {[%emt 0:00:00]} Nf6 {[%emt 0:00:00]} 4. Qe2 {[%emt 0:00:43]} Bc5 {[%emt 0:03:57]} 5. c3 {[%emt 0:01:13]} O-O {[%emt 0:00:48]} 6. O-O {[%emt 0:00:41]} Re8 {[%emt 0:01:22]} 7. Rd1 {[%emt 0:03:27]} d5 {[%emt 0:09:09]} 8. d3 {[%emt 0:04:59]} Qd6 {[%emt 0:01:03]} 9. Nbd2 {[%emt 0:03:15]} Bxf2+ {[%emt 0:02:58]} 10. Qxf2 {[%emt 0:19:06]} Ng4 {[%emt 0:00:14]} 11. Qe2 {[%emt 0:00:47]} Qc5+ {[%emt 0:00:08]} 12. d4 {[%emt 0:01:04]} exd4 {[%emt 0:00:16]} 13. Nb3 {[%emt 0:00:46]} Qb6 {[%emt 0:01:33]} 14. cxd4 {[%emt 0:01:59]} Rxe4 {[%emt 0:00:13]} 15. Qf1 {[%emt 0:01:09]} Be6 {[%emt 0:06:14]} 16. Bxc6 {[%emt 0:02:34]} bxc6 {[%emt 0:00:19]} 17. Nc5 {[%emt 0:00:44]} Rxd4 {[%emt 0:01:00]} 18. Nxd4 {[%emt 0:00:16]} Qxc5 {[%emt 0:00:05]} 19. h3 {[%emt 0:00:13]} Nf6 {[%emt 0:00:34]} 20. Be3 {[%emt 0:00:50]} Qd6 {[%emt 0:00:15]} 21. Bf4 {[%emt 0:00:52]} Qd7 {[%emt 0:00:38]} 22. Rac1 {[%emt 0:01:35]} Ne4 {[%emt 0:00:45]} 23. Rxc6 {[%emt 0:02:08]} Rc8 {[%emt 0:00:35]} 24. Rdc1 {[%emt 0:03:09]} Bxh3 {[%emt 0:00:07]} 25. gxh3 {[%emt 0:01:20]} 1-0

[Event "Schachfestival Open-A 2018"]
[Site "Lueneburg"]
[Date "2018.07.06"]
[Round "2"]
[White "Stolberg-Rohr, Thomine"]
[Black "Boehm, Juergen"]
[Result "0-1"]
[WhiteElo "1975"]
[BlackElo "2233"]
[Annotator "NA"]
[PlyCount "29"]
[EventDate "2018.07.06"]
[EventType "swiss"]
[EventCountry "GER"]
[SourceTitle "playchess.com"]
[Source "ChessBase"]
[SourceQuality "1"]
[TimeControl "40/5400+30:1800+30"]

1. d4 {[%emt 0:12:08]} d5 {[%emt 0:00:00]} 2. c4 {[%emt 0:00:17]} c6 {[%emt 0:00:00]} 3. Nc3 {[%emt 0:00:10]} Nf6 {[%emt 0:00:08]} 4. Nf3 {[%emt 0:01:26]} a6 {[%emt 0:00:07]} 5. b3 {[%emt 0:02:41]} Bf5 {[%emt 0:05:31]} 6. e3 {[%emt 0:00:30]} e6 {[%emt 0:00:59]} 7. Bd3 {[%emt 0:02:43]} Bb4 {[%emt 0:02:01]} 8. Bb2 {[%emt 0:02:35]} Qa5 {[%emt 0:04:07]} 9. Qc2 {[%emt 0:21:27]} Bxd3 {[%emt 0:02:32]} 10. Qxd3 {[%emt 0:00:37]} Ne4 {[%emt 0:00:14]} 11. Rc1 {[%emt 0:01:50]} Qxa2 {[%emt 0:01:03]} 12. Qc2 {[%emt 0:19:51]} dxc4 {[%emt 0:09:34]} 13. bxc4 {[%emt 0:02:31]} Nxc3 {[%emt 0:00:42]} 14. Bxc3 {[%emt 0:00:25]} Qxc4 {[%emt 0:00:22]} 15. Bd2 0-1

[Event "Schachfestival Open-A 2018"]
[Site "Lueneburg"]
[Date "2018.07.08"]
[Round "4"]
[White "Vorobiov, Evgeny E"]
[Black "Genov, Petar"]
[Result "1-0"]
[WhiteElo "2564"]
[BlackElo "2435"]
[Annotator "ChessBase"]
[PlyCount "123"]
[EventDate "2018.07.06"]
[EventType "swiss"]
[EventCountry "GER"]
[SourceTitle "playchess.com"]
[Source "ChessBase"]
[SourceQuality "1"]
[TimeControl "40/5400+30:1800+30"]

1. e4 {[%emt 0:00:00]} c6 {[%emt 0:06:46]} 2. Nf3 {[%emt 0:00:24]} d5 {[%emt 0:00:41]} 3. Nc3 {[%emt 0:00:05]} Nf6 {[%emt 0:02:37]} 4. e5 {[%emt 0:00:28]} Ne4 {[%emt 0:01:45]} 5. Ne2 {[%emt 0:00:31]} Qb6 {[%emt 0:07:31]} 6. d4 {[%emt 0:01:01]} e6 {[%emt 0:06:11]} 7. Ng3 {[%emt 0:01:59]} c5 {[%emt 0:05:56]} 8. c3 {[%emt 0:02:18]} Nc6 {[%emt 0:08:02]} 9. Bd3 {[%emt 0:01:29]} cxd4 {[%emt 0:02:26]} 10. Nxe4 {[%emt 0:01:15]} dxe4 {[%emt 0:00:34]} 11. Bxe4 {[%emt 0:00:04]} dxc3 {[%emt 0:01:56]} 12. bxc3 {[%emt 0:00:17]} Qa5 {[%emt 0:11:13]} 13. O-O {[%emt 0:02:22]} Nxe5 {[%emt 0:03:08]} 14. Rb1 {[%emt 0:08:23]} Nxf3+ {[%emt 0:12:03]} 15. Qxf3 {[%emt 0:01:04]} Bd6 {[%emt 0:00:51]} 16. Rd1 {[%emt 0:08:44]} Qc7 {[%emt 0:02:59]} 17. Ba3 {[%emt 0:08:59]} Bxa3 {[%emt 0:09:39]} 18. Bxb7 {[%emt 0:00:28]} O-O {[%emt 0:00:44]} 19. Bxa8 {[%emt 0:00:37]} Bc5 {[%emt 0:00:49]} 20. Qc6 {[%emt 0:06:17]} Qe5 {[%emt 0:01:30]} 21. Re1 {[%emt 0:05:18]} Qf5 {[%emt 0:01:04]} 22. Qf3 {[%emt 0:00:21]} Qg5 {[%emt 0:01:22]} 23. Bb7 {[%emt 0:04:46]} Bd7 {[%emt 0:03:08]} 24. Bc6 {[%emt 0:02:02]} Bc8 {[%emt 0:00:33]} 25. a4 {[%emt 0:01:09]} g6 {[%emt 0:01:14]} 26. Red1 {[%emt 0:04:01]} Bb6 {[%emt 0:02:23]} 27. Rb2 {[%emt 0:11:48]} Kg7 {[%emt 0:01:20]} 28. Rbd2 {[%emt 0:09:30]} Ba6 {[%emt 0:01:35]} 29. g3 {[%emt 0:04:42]} Kg8 {[%emt 0:00:22]} 30. h4 {[%emt 0:01:53]} Qc5 {[%emt 0:00:43]} 31. Bb5 {[%emt 0:01:07]} Bc8 {[%emt 0:03:11]} 32. Qc6 {[%emt 0:03:22]} Qe5 {[%emt 0:00:16]} 33. Kh2 {[%emt 0:00:17]} Qf5 {[%emt 0:00:33]} 34. Bd3 {[%emt 0:04:31]} Qe5 {[%emt 0:00:26]} 35. Bf1 {[%emt 0:01:19]} Ba5 {[%emt 0:00:32]} 36. Bg2 {[%emt 0:01:27]} Qxc3 {[%emt 0:00:57]} 37. Qxc3 {[%emt 0:00:46]} Bxc3 {[%emt 0:00:03]} 38. Rd8 {[%emt 0:00:32]} Ba5 {[%emt 0:00:29]} 39. Rxf8+ {[%emt 0:00:27]} Kxf8 {[%emt 0:00:07]} 40. Bc6 {[%emt 0:02:13]} Ke7 {[%emt 0:01:28]} 41. Kg2 {[%emt 0:30:35]} h6 {[%emt 0:13:20]} 42. h5 {[%emt 0:00:00]} g5 {[%emt 0:01:45]} 43. g4 {[%emt 0:00:00]} Bc7 {[%emt 0:02:44]} 44. f3 {[%emt 0:00:00]} Bd6 {[%emt 0:02:24]} 45. Rb1 {[%emt 0:00:00]} Bc7 {[%emt 0:03:33]} 46. Rb3 {[%emt 0:00:00]} a5 {[%emt 0:02:03]} 47. Kf2 {[%emt 0:00:00]} Bd6 {[%emt 0:00:30]} 48. Rb1 {[%emt 0:00:00]} Ba6 {[%emt 0:01:52]} 49. Bb5 {[%emt 0:00:00]} Bb7 {[%emt 0:01:19]} 50. Ke2 {[%emt 0:00:00]} Bf4 {[%emt 0:03:18]} 51. Rb2 {[%emt 0:00:00]} Be5 {[%emt 0:00:30]} 52. Rc2 {[%emt 0:00:00]} Bd6 {[%emt 0:00:25]} 53. Bd3 {[%emt 0:00:00]} Kd8 {[%emt 0:01:03]} 54. Be4 {[%emt 0:00:00]} Bc8 {[%emt 0:00:24]} 55. Kd3 {[%emt 0:00:00]} Bd7 {[%emt 0:00:45]} 56. Bc6 {[%emt 0:00:00]} Bc8 {[%emt 0:00:04]} 57. Kd4 {[%emt 0:00:00]} Ke7 {[%emt 0:01:19]} 58. Rc1 {[%emt 0:00:40]} Ba6 {[%emt 0:00:30]} 59. Be4 {[%emt 0:01:07]} Be2 {[%emt 0:01:12]} 60. Bb7 {[%emt 0:03:35]} Bf4 {[%emt 0:00:47]} 61. Re1 {[%emt 0:00:49]} e5+ {[%emt 0:00:28]} 62. Kc3 {[%emt 0:00:39]} 1-0

[Event "Schachfestival Open-A 2018"]
[Site "Lueneburg"]
[Date "2018.07.08"]
[Round "4"]
[White "Malakhatko, Vadim"]
[Black "Colpe, Malte"]
[Result "1-0"]
[WhiteElo "2499"]
[BlackElo "2382"]
[Annotator "ChessBase"]
[PlyCount "103"]
[EventDate "2018.07.06"]
[EventType "swiss"]
[EventCountry "GER"]
[SourceTitle "playchess.com"]
[Source "ChessBase"]
[SourceQuality "1"]
[TimeControl "40/5400+30:1800+30"]

1. c4 {[%emt 0:00:00]} e6 {[%emt 0:00:00]} 2. g3 {[%emt 0:00:00]} d5 {[%emt 0:00:00]} 3. Bg2 {[%emt 0:00:00]} Nf6 {[%emt 0:00:02]} 4. Nf3 {[%emt 0:00:00]} dxc4 {[%emt 0:00:38]} 5. Qa4+ {[%emt 0:00:00]} Bd7 {[%emt 0:00:24]} 6. Qxc4 {[%emt 0:00:04]} c5 {[%emt 0:00:21]} 7. Ne5 {[%emt 0:00:09]} Qc8 {[%emt 0:00:24]} 8. Qd3 {[%emt 0:01:10]} Nc6 {[%emt 0:00:34]} 9. Nxd7 {[%emt 0:00:06]} Nxd7 {[%emt 0:00:09]} 10. Nc3 {[%emt 0:00:15]} Be7 {[%emt 0:02:50]} 11. Qb5 {[%emt 0:00:08]} a6 {[%emt 0:03:18]} 12. Qa4 {[%emt 0:00:06]} b5 {[%emt 0:07:12]} 13. Qe4 {[%emt 0:08:51]} Nde5 {[%emt 0:01:32]} 14. f4 {[%emt 0:00:42]} f5 {[%emt 0:00:13]} 15. Qe3 {[%emt 0:17:24]} Nd4 {[%emt 0:07:00]} 16. O-O {[%emt 0:09:15]} Ng4 {[%emt 0:07:39]} 17. Qd3 {[%emt 0:00:04]} c4 {[%emt 0:07:31]} 18. Qb1 {[%emt 0:02:22]} Nxe2+ {[%emt 0:18:31]} 19. Nxe2 {[%emt 0:01:23]} Qc5+ {[%emt 0:00:07]} 20. Kh1 {[%emt 0:01:10]} Nf2+ {[%emt 0:00:09]} 21. Rxf2 {[%emt 0:00:08]} Qxf2 {[%emt 0:00:09]} 22. Ng1 {[%emt 0:03:20]} Rd8 {[%emt 0:02:54]} 23. Qc2 {[%emt 0:07:27]} h5 {[%emt 0:30:35]} 24. Qd1 {[%emt 0:00:44]} h4 {[%emt 0:01:17]} 25. Nh3 {[%emt 0:00:13]} Qd4 {[%emt 0:03:14]} 26. Qe1 {[%emt 0:10:34]} Kf7 {[%emt 0:01:18]} 27. d3 {[%emt 0:01:41]} Qxd3 {[%emt 0:01:21]} 28. Be3 {[%emt 0:00:11]} hxg3 {[%emt 0:00:29]} 29. Qxg3 {[%emt 0:00:42]} Bh4 {[%emt 0:01:48]} 30. Qf3 {[%emt 0:02:41]} Rd7 {[%emt 0:00:25]} 31. Rg1 {[%emt 0:00:59]} g6 {[%emt 0:00:25]} 32. Ng5+ {[%emt 0:03:29]} Bxg5 {[%emt 0:00:05]} 33. fxg5 {[%emt 0:00:04]} Qd6 {[%emt 0:00:59]} 34. Bf4 {[%emt 0:01:11]} e5 {[%emt 0:00:12]} 35. Bg3 {[%emt 0:00:04]} Re8 {[%emt 0:01:15]} 36. b3 {[%emt 0:04:11]} cxb3 {[%emt 0:01:28]} 37. Qxb3+ {[%emt 0:00:36]} Kg7 {[%emt 0:00:39]} 38. Re1 {[%emt 0:06:35]} f4 {[%emt 0:00:18]} 39. Bf2 {[%emt 0:00:09]} Qd2 {[%emt 0:00:51]} 40. Qh3 {[%emt 0:02:36]} Rd6 {[%emt 0:00:59]} 41. Kg1 {[%emt 0:34:53]} Qxa2 {[%emt 0:07:15]} 42. Bc5 {[%emt 0:00:00]} Qd2 {[%emt 0:03:18]} 43. Rf1 {[%emt 0:00:00]} Rde6 {[%emt 0:12:57]} 44. Qb3 {[%emt 0:00:00]} Qd8 {[%emt 0:03:24]} 45. h4 {[%emt 0:00:00]} Qc7 {[%emt 0:00:56]} 46. Rc1 {[%emt 0:00:00]} Qf7 {[%emt 0:02:59]} 47. Bd5 {[%emt 0:00:37]} Qf5 {[%emt 0:00:14]} 48. Bxe6 {[%emt 0:01:18]} Rxe6 {[%emt 0:00:10]} 49. Qd5 {[%emt 0:01:29]} Qg4+ {[%emt 0:01:44]} 50. Kf1 {[%emt 0:01:09]} Qh3+ {[%emt 0:00:26]} 51. Ke2 {[%emt 0:00:37]} Qh2+ {[%emt 0:00:41]} 52. Bf2 {[%emt 0:00:53]} 1-0

[Event "Schachfestival Open-A 2018"]
[Site "Lueneburg"]
[Date "2018.07.08"]
[Round "4"]
[White "Sebastian, Dirk"]
[Black "Weishaeutel, Moritz"]
[Result "1-0"]
[WhiteElo "2447"]
[BlackElo "2236"]
[Annotator "NA"]
[PlyCount "97"]
[EventDate "2018.07.06"]
[EventType "swiss"]
[EventCountry "GER"]
[SourceTitle "playchess.com"]
[Source "ChessBase"]
[SourceQuality "1"]
[TimeControl "40/5400+30:1800+30"]

1. e4 {[%emt 0:00:00]} e6 {[%emt 0:00:31]} 2. d4 {[%emt 0:00:00]} d5 {[%emt 0:00:09]} 3. Nd2 {[%emt 0:00:03]} Nf6 {[%emt 0:00:21]} 4. e5 {[%emt 0:00:07]} Nfd7 {[%emt 0:00:08]} 5. Bd3 {[%emt 0:00:05]} c5 {[%emt 0:00:21]} 6. c3 {[%emt 0:00:06]} Nc6 {[%emt 0:00:22]} 7. Ngf3 {[%emt 0:00:12]} f6 {[%emt 0:02:37]} 8. exf6 {[%emt 0:01:20]} Nxf6 {[%emt 0:00:59]} 9. O-O {[%emt 0:00:20]} cxd4 {[%emt 0:04:36]} 10. cxd4 {[%emt 0:02:53] LiveBook: 72 Games} Bd6 {[%emt 0:01:37]} 11. Re1 {[%emt 0:00:15]} O-O {[%emt 0:00:51]} 12. Nf1 {[%emt 0:00:06] C06: French Tarrasch: 3...Nf6 4 e5 Nfd7 5 Bd3 main lines} Qc7 {[%emt 0:08:15]} (12... Qb6 13. Rb1 Nb4 14. a3 Nxd3 15. Qxd3 Bd7 16. Ng3 Bb5 17. Qd1 Rae8 18. Ne5 Bxe5 19. Rxe5 Nd7 20. Rg5 e5 21. Be3 h6 22. Rh5 Qg6 23. Rc1 Bc6 {1-0 (23) Carlsen,M (2802)-Ponomariov,R (2744) Moscow 2010}) 13. Bd2 {[%emt 0:00:52]} e5 {[%emt 0:09:00]} 14. dxe5 {[%emt 0:00:10]} Nxe5 {[%emt 0:00:05]} 15. Nxe5 {[%emt 0:00:07]} Bxe5 {[%emt 0:00:05]} 16. Bb4 $146 {[%emt 0:00:32]} ({Predecessor:} 16. Qb3 Ng4 17. Qxd5+ Kh8 18. Ng3 Qb6 19. Be3 Nxe3 {½-½ (32) Krause,N (1895)-Schatz,D (1813) GER email 2012}) 16... Ng4 {[%emt 0:06:13]} (16... Re8 $11 {remains equal.}) 17. Rxe5 {[%emt 0:19:26]} Qxe5 {[%emt 0:14:44]} 18. Bxh7+ {[%emt 0:26:52]} Kxh7 {[%emt 0:00:26]} 19. Bxf8 {[%emt 0:00:06]} Nxf2 {[%emt 0:30:14]} 20. Kxf2 {[%emt 0:05:44]} Bg4 {[%emt 0:00:24]} 21. Qxg4 {[%emt 0:07:18]} Qxb2+ {[%emt 0:00:11]} 22. Kg1 {[%emt 0:00:29]} Qxa1 {[%emt 0:00:50]} 23. Bc5 {[%emt 0:05:18]} Qf6 {[%emt 0:03:48]} 24. Qh5+ {[%emt 0:01:42]} Kg8 {[%emt 0:00:30]} 25. h3 {[%emt 0:15:32]} Rd8 {[%emt 0:02:12]} 26. Ne3 {[%emt 0:02:10]} b6 {[%emt 0:00:49]} 27. Bb4 {[%emt 0:03:33]} Qf4 {[%emt 0:08:27]} 28. Bd2 {[%emt 0:01:45]} d4 {[%emt 0:00:21]} 29. Nf1 {[%emt 0:01:55]} Qf7 {[%emt 0:00:04]} 30. Qg5 {[%emt 0:00:17]} Qf6 {[%emt 0:02:02]} 31. Qb5 {[%emt 0:01:09]} Rf8 {[%emt 0:00:49]} 32. Be1 {[%emt 0:00:52]} Qf5 $11 {[%emt 0:01:06]} 33. Qc4+ {[%emt 0:00:08]} Qf7 {[%emt 0:00:04]} 34. Qe2 {[%emt 0:01:04]} Re8 {[%emt 0:01:11]} 35. Qd2 {[%emt 0:00:37]} Qc4 {[%emt 0:00:16]} 36. Bf2 {[%emt 0:02:09]} Re2 {[%emt 0:01:15]} 37. Qf4 {[%emt 0:00:36]} Rxa2 {[%emt 0:00:58]} 38. Ng3 {[%emt 0:01:15]} Qf7 {[%emt 0:01:34]} 39. Qxd4 {[%emt 0:01:05]} b5 {[%emt 0:00:29]} 40. Ne4 {[%emt 0:01:02]} Ra4 {[%emt 0:00:32]} 41. Qe5 {[%emt 0:06:55]} Rc4 {[%emt 0:09:50]} 42. Bc5 {[%emt 0:08:07]} Rc1+ {[%emt 0:04:24]} 43. Kh2 {[%emt 0:00:14]} Rxc5 {[%emt 0:01:34]} 44. Nxc5 {[%emt 0:01:13]} a5 {[%emt 0:00:47]} 45. Ne4 {[%emt 0:02:28]} a4 {[%emt 0:04:50]} 46. Ng5 {[%emt 0:03:06]} Qf8 {[%emt 0:03:07]} 47. h4 {[%emt 0:02:45]} g6 {[%emt 0:02:30]} 48. Qe6+ {[%emt 0:03:39]} Kg7 {[%emt 0:00:05]} 49. Qd7+ {[%emt 0:00:09]} 1-0